Educational Innovation and practice ; (Record no. 7637)

MARC details
000 -LEADER
fixed length control field 00392nam a22001337a 4500
005 - DATE AND TIME OF LATEST TRANSACTION
control field 20230711110820.0
008 - FIXED-LENGTH DATA ELEMENTS--GENERAL INFORMATION
fixed length control field 190214b ||||| |||| 00| 0 eng d
022 ## - INTERNATIONAL STANDARD SERIAL NUMBER
International Standard Serial Number 9993625000
245 ## - TITLE STATEMENT
Title Educational Innovation and practice ;
Remainder of title a biannual journal of Samtse College of education Vol 1. No.3
260 ## - PUBLICATION, DISTRIBUTION, ETC.
Date of publication, distribution, etc. Autumn 2018
300 ## - PHYSICAL DESCRIPTION
Extent 92 p.
Dimensions 24 cm.
710 ## - ADDED ENTRY--CORPORATE NAME
Corporate name or jurisdiction name as entry element Kinley
942 ## - ADDED ENTRY ELEMENTS (KOHA)
Source of classification or shelving scheme Dewey Decimal Classification
Koha item type Periodicals
Holdings
Withdrawn status Lost status Source of classification or shelving scheme Damaged status Not for loan Home library Current library Date acquired Serial Enumeration / chronology Total Checkouts Barcode Date last seen Price effective from Koha item type Collection code Shelving location
    Dewey Decimal Classification     RTC Library RTC Library 14/02/2019 13400   30013413 14/02/2019 14/02/2019 Periodicals    
    Dewey Decimal Classification     RTC Library RTC Library 11/07/2023 177535   30018700 11/07/2023 11/07/2023 Periodicals Periodicals Periodicals
Royal Thimphu College || All Right Reserved